[Event "Angora Chess Tournaments-WGM"]
[Site "Ankara"]
[Date "2010.02.15"]
[Round "1.1"]
[White "Yildiz, Betul Cemre"]
[Black "Borsuk, Angela"]
[Result "0-1"]
[WhiteElo "2260"]
[BlackElo "2355"]
[PlyCount "84"]
[EventDate "2010.02.15"]

1. e4 d5 2. exd5 Qxd5 3. Nc3 Qd6 4. d4 a6 5. Nf3 Nf6 6. g3 Bg4 7. h3 Bxf3 8.
Qxf3 Nc6 9. Be3 g6 10. O-O-O Bg7 11. Bf4 Qd7 12. d5 Na7 13. Be5 O-O 14. Bg2 Nb5
15. Rhe1 Nd6 16. Qd3 a5 17. g4 a4 18. f4 Rfb8 19. Ne2 Ra5 20. Ng3 b5 21. f5
Bh6+ 22. Kb1 b4 23. fxg6 hxg6 24. Rf1 b3 25. cxb3 axb3 26. a3 Rc5 27. Bc3 Qa4
28. Ne2 Nc4 29. Nf4 Bxf4 30. Rxf4 Nxa3+ 31. bxa3 Qxf4 32. Kb2 Qa4 33. g5 Ne8
34. Rf1 Qh4 35. Be4 Nd6 36. Bxg6 Qxg5 37. Be4 Nxe4 38. Qxe4 Rxd5 39. h4 Rd2+
40. Kb1 Qg2 41. Qf5 Rd1+ 42. Rxd1 Qa2+ 0-1

[Event "Angora Chess Tournaments-WGM"]
[Site "Ankara"]
[Date "2010.02.15"]
[Round "1.1"]
[White "Ozturk, Kubra"]
[Black "Burtasova, Anna"]
[Result "1-0"]
[WhiteElo "2232"]
[BlackElo "2332"]
[PlyCount "43"]
[EventDate "2010.02.15"]

1. Nf3 Nf6 2. d4 c5 3. c4 cxd4 4. Nxd4 e5 5. Nb5 d5 6. cxd5 Bc5 7. N5c3 O-O 8.
g3 Qb6 9. e3 Bg4 10. Be2 Bh3 11. g4 e4 12. Rg1 Bd6 13. Nd2 h5 14. gxh5 Bxh2 15.
Rh1 Qc7 16. Nc4 Bg2 17. d6 Bxd6 18. Rg1 Bb4 19. Rxg2 Nc6 20. Kf1 Bxc3 21. bxc3
b5 22. Qd6 1-0

[Event "Angora Chess Tournaments-WGM"]
[Site "Ankara"]
[Date "2010.02.15"]
[Round "1.1"]
[White "Kaya, Emel"]
[Black "Gvetadze, Sopio"]
[Result "0-1"]
[WhiteElo "1946"]
[BlackElo "2337"]
[PlyCount "160"]
[EventDate "2010.02.15"]

1. e4 Nc6 2. Nf3 d6 3. d4 Nf6 4. Bb5 a6 5. Bxc6+ bxc6 6. Nc3 g6 7. O-O Bg7 8.
e5 Nd5 9. Nxd5 cxd5 10. exd6 cxd6 11. Re1 O-O 12. Bg5 Re8 13. Re3 Qc7 14. Qe2
f6 15. Bh4 e5 16. Rc3 Qf7 17. Rc6 Qd7 18. Rb6 Qc7 19. Rb3 Bf5 20. Rc3 Qd7 21.
Qd2 Rab8 22. Rb3 Rb5 23. Rd1 Rc8 24. Ne1 Rc4 25. c3 e4 26. Nc2 Rc8 27. Ne3 Be6
28. Bg3 Bh6 29. Nxd5 Bxd5 30. Qxh6 Bxb3 31. axb3 Rxb3 32. Qf4 d5 33. Qxf6 Rf8
34. Qxa6 Rxb2 35. Rf1 Qf7 36. Bd6 Re8 37. Be5 Rd2 38. h3 Rf8 39. Bd6 Qf6 40.
Qc6 Qe6 41. Qc5 Rc8 42. Qb4 Rc2 43. Bc5 Re8 44. Qb3 Rd2 45. Bb4 Qf7 46. Qb1 Rd3
47. Qa2 Rc8 48. Qa5 Qd7 49. Qa6 Rc6 50. Qa8+ Rc8 51. Qa6 Rd2 52. Qf6 Qf7 53.
Qg5 Ra2 54. Bc5 Ra6 55. Qe3 Rca8 56. Qg3 Rf6 57. Bd6 Qd7 58. Bc5 Rf7 59. Qd6
Qf5 60. Qe5 Rb7 61. Rc1 Qxe5 62. dxe5 Rc8 63. Bd4 Kf7 64. Ra1 Rc6 65. Ra5 Ke6
66. Ra8 Rbc7 67. Re8+ Kd7 68. Rh8 Rxc3 69. Rxh7+ Ke6 70. Rh6 Rc1+ 71. Kh2 Rg7
72. h4 Rc4 73. Ba1 d4 74. f4 e3 75. Kg3 d3 76. f5+ Kxf5 77. e6 Re4 78. Kf3 d2
79. Ke2 Rc4 80. g4+ Ke4 0-1

[Event "Angora Chess Tournaments-WGM"]
[Site "Ankara"]
[Date "2010.02.15"]
[Round "1.1"]
[White "Sop, Selen"]
[Black "Umudova, Nargiz"]
[Result "1-0"]
[WhiteElo "1901"]
[BlackElo "2239"]
[PlyCount "103"]
[EventDate "2010.02.15"]

1. e4 c5 2. Nf3 Nc6 3. Bb5 g6 4. O-O Bg7 5. Re1 Nf6 6. e5 Nd5 7. Nc3 Nc7 8.
Bxc6 bxc6 9. Ne4 Ne6 10. d3 O-O 11. Be3 d6 12. exd6 exd6 13. Qc1 Rb8 14. Rb1 f5
15. Bg5 Nxg5 16. Nexg5 Qf6 17. h4 h6 18. Nh3 f4 19. Re4 Bxh3 20. gxh3 Qf5 21.
Kh2 Qh5 22. Qh1 Bf6 23. Qg2 Rb7 24. Qg4 Qxg4 25. hxg4 g5 26. hxg5 hxg5 27. Re6
Rd7 28. Kg2 Kf7 29. Rbe1 Rfd8 30. c3 Re7 31. Rxe7+ Bxe7 32. d4 c4 33. Nd2 d5
34. Nf3 Bf6 35. Ne5+ Bxe5 36. Rxe5 Rb8 37. Rxg5 Rxb2 38. Rf5+ Kg6 39. Rxf4 Rxa2
40. Kg3 Rc2 41. Rf3 a5 42. Re3 Kf7 43. g5 a4 44. f4 a3 45. Kg4 a2 46. Re1 Rxc3
47. f5 Ra3 48. g6+ Kf6 49. Re6+ Kg7 50. Re7+ Kf8 51. f6 Ra8 52. Rh7 1-0

[Event "Angora Chess Tournaments-WGM"]
[Site "Ankara"]
[Date "2010.02.15"]
[Round "1.1"]
[White "Menzi, Nezihe Ezgi"]
[Black "Karlovich, Anastazia"]
[Result "0-1"]
[WhiteElo "1877"]
[BlackElo "2200"]
[PlyCount "110"]
[EventDate "2010.02.15"]

1. e4 e5 2. Nf3 Nc6 3. Bb5 f5 4. Nc3 fxe4 5. Nxe4 Nf6 6. Nxf6+ gxf6 7. Nh4 Qe7
8. Bc4 d6 9. Qh5+ Kd8 10. O-O Nd4 11. c3 Be6 12. Bxe6 Nxe6 13. Nf5 Ng7 14. Nxe7
Nxh5 15. Nf5 Kd7 16. d4 Ke6 17. g4 Ng7 18. Nxg7+ Bxg7 19. Re1 h5 20. h3 hxg4
21. hxg4 Rh4 22. f3 Kf7 23. dxe5 dxe5 24. Be3 Rah8 25. Kf1 Rh1+ 26. Ke2 R1h2+
27. Bf2 Bf8 28. Rad1 Bc5 29. Rf1 Ke6 30. Rd2 Rg2 31. b4 Bb6 32. c4 Bd4 33. Kd1
Bc3 34. Rc2 Bxb4 35. Rb2 Rd8+ 36. Ke2 a5 37. Rg1 Rh2 38. a3 Bxa3 39. Rxb7 Bb4
40. Rf1 Rd2+ 41. Ke3 Rdxf2 42. Rxf2 Bc5+ 43. Ke4 Rxf2 44. Rxc7 Re2+ 45. Kd3
Re3+ 46. Kd2 Bd4 47. Rc6+ Kf7 48. c5 Rxf3 49. Rc7+ Ke6 50. c6 Rc3 51. Rc8 Kd6
52. Rd8+ Kxc6 53. Rc8+ Kd5 54. Rxc3 Bxc3+ 55. Kxc3 Ke4 0-1

[Event "Angora Chess Tournaments-WGM"]
[Site "Ankara"]
[Date "2010.02.15"]
[Round "2.1"]
[White "Borsuk, Angela"]
[Black "Yildiz, Betul Cemre"]
[Result "1-0"]
[WhiteElo "2355"]
[BlackElo "2260"]
[PlyCount "79"]
[EventDate "2010.02.15"]

1. d4 d5 2. Nf3 c5 3. e3 Nf6 4. Nbd2 e6 5. b3 Nbd7 6. Bd3 Be7 7. O-O O-O 8. Bb2
b6 9. Ne5 Nxe5 10. dxe5 Nd7 11. c4 Bb7 12. cxd5 Bxd5 13. Qc2 h6 14. f4 Qc7 15.
Ne4 Rad8 16. Qe2 f6 17. exf6 Nxf6 18. Ng3 a5 19. e4 Bb7 20. Bc4 Qc6 21. Rae1
Kh8 22. Bb5 Qc7 23. Be5 Qc8 24. Rd1 Rxd1 25. Rxd1 Rd8 26. Rf1 Qa8 27. f5 Qc8
28. Nh5 exf5 29. exf5 Rf8 30. Bb2 Bd8 31. Nf4 Kh7 32. Ne6 Rf7 33. Rd1 Bc7 34.
Bxf6 gxf6 35. Qg4 Qg8 36. Qg6+ Kh8 37. Qxh6+ Qh7 38. Qxh7+ Kxh7 39. Bc4 Re7 40.
Rd3 1-0

[Event "Angora Chess Tournaments-WGM"]
[Site "Ankara"]
[Date "2010.02.15"]
[Round "2.1"]
[White "Burtasova, Anna"]
[Black "Ozturk, Kubra"]
[Result "0-1"]
[WhiteElo "2332"]
[BlackElo "2232"]
[PlyCount "106"]
[EventDate "2010.02.15"]

1. e4 e5 2. Nf3 Nc6 3. Bb5 a6 4. Ba4 Nf6 5. O-O b5 6. Bb3 Bb7 7. d3 Be7 8. Nc3
d6 9. Bd2 Na5 10. Bd5 O-O 11. Bxb7 Nxb7 12. Ne2 Re8 13. Ng3 g6 14. a4 Nc5 15.
axb5 axb5 16. Qe2 Ne6 17. Rfe1 c5 18. c3 Qb6 19. Nf1 Ra6 20. Ne3 Rea8 21. Rxa6
Qxa6 22. Nd5 Bd8 23. d4 exd4 24. cxd4 b4 25. Qe3 Ng4 26. Qb3 Qa2 27. Qc2 b3 28.
Qc1 cxd4 29. Qc6 Qa6 30. Nb4 Qxc6 31. Nxc6 Bb6 32. h3 Nf6 33. Bh6 Bc5 34. Nd2
Re8 35. Nxb3 Nd7 36. Rd1 Ne5 37. Nxc5 Nxc6 38. Nd7 Kh8 39. f4 f5 40. exf5 gxf5
41. Nf6 Rb8 42. Rd2 Nc5 43. Nh5 Kg8 44. Ng3 Ne4 45. Rd3 Nc5 46. Rd1 Rxb2 47.
Nxf5 d3 48. Nxd6 Nd4 49. Ra1 Rb8 50. Ra7 Nb7 51. Nxb7 d2 52. Ra1 Ne2+ 53. Kf2
Nc1 0-1

[Event "Angora Chess Tournaments-WGM"]
[Site "Ankara"]
[Date "2010.02.15"]
[Round "2.1"]
[White "Gvetadze, Sopio"]
[Black "Kaya, Emel"]
[Result "1-0"]
[WhiteElo "2337"]
[BlackElo "1946"]
[PlyCount "67"]
[EventDate "2010.02.15"]

1. e4 c5 2. b3 d6 3. Bb2 Nf6 4. Nc3 Nc6 5. Bb5 Bd7 6. f4 e6 7. Nf3 Be7 8. O-O
O-O 9. d3 a6 10. Bxc6 Bxc6 11. Kh1 b5 12. a4 b4 13. Ne2 Ng4 14. Qd2 Bf6 15. e5
dxe5 16. fxe5 Bh4 17. Qf4 h5 18. Kg1 Bxf3 19. Qxf3 Qd5 20. Qh3 Bg5 21. Nf4 Bxf4
22. Rxf4 Nxe5 23. Qxh5 Ng6 24. Qg4 e5 25. Rf5 Rae8 26. Re1 Qd7 27. h3 Re7 28.
Qg5 Rfe8 29. Re4 c4 30. Rxc4 e4 31. dxe4 Rxe4 32. Rxe4 Rxe4 33. Rd5 Qa7+ 34.
Bd4 1-0

[Event "Angora Chess Tournaments-WGM"]
[Site "Ankara"]
[Date "2010.02.15"]
[Round "2.1"]
[White "Umudova, Nargiz"]
[Black "Sop, Selen"]
[Result "1-0"]
[WhiteElo "2239"]
[BlackElo "1901"]
[PlyCount "45"]
[EventDate "2010.02.15"]

1. e4 c5 2. Nf3 d6 3. d4 cxd4 4. Qxd4 Nc6 5. Bb5 Bd7 6. Bxc6 Bxc6 7. Nc3 h6 8.
Be3 Nf6 9. O-O-O e5 10. Qd3 a6 11. Nd2 b5 12. h3 d5 13. exd5 Nxd5 14. Nf3 Nxc3
15. Qxc3 Qf6 16. Nxe5 Rc8 17. Rhe1 Be7 18. Bc5 Bb7 19. Bxe7 Qxe7 20. Ng6 fxg6
21. Rxe7+ Kxe7 22. Qe5+ Kf8 23. Rd7 1-0

[Event "Angora Chess Tournaments-WGM"]
[Site "Ankara"]
[Date "2010.02.15"]
[Round "2.1"]
[White "Karlovich, Anastazia"]
[Black "Menzi, Nezihe Ezgi"]
[Result "1-0"]
[WhiteElo "2200"]
[BlackElo "1877"]
[PlyCount "51"]
[EventDate "2010.02.15"]

1. e4 c5 2. Nf3 d6 3. Bc4 Nc6 4. c3 Nf6 5. Qe2 Bg4 6. h3 Bxf3 7. Qxf3 g6 8. d3
Bg7 9. O-O O-O 10. Bb3 Nd7 11. Qe2 b5 12. Be3 a5 13. a4 b4 14. f4 Rb8 15. Bd5
Qc7 16. Rc1 e6 17. Bc4 bxc3 18. bxc3 Qb7 19. Na3 Qb2 20. Qe1 Na7 21. Bb5 Nxb5
22. axb5 d5 23. Bd2 Qb3 24. Rcb1 Qa4 25. Qc1 dxe4 26. Nc4 1-0

[Event "Angora Chess Tournaments-WGM"]
[Site "Ankara"]
[Date "2010.02.16"]
[Round "3.1"]
[White "Burtasova, Anna"]
[Black "Yildiz, Betul Cemre"]
[Result "1-0"]
[WhiteElo "2332"]
[BlackElo "2260"]
[PlyCount "43"]
[EventDate "2010.02.15"]

1. e4 e5 2. Nf3 Nc6 3. Bb5 a6 4. Ba4 Nf6 5. O-O b5 6. Bb3 Bb7 7. d3 Be7 8. Nc3
O-O 9. Bd2 d6 10. Ne2 h6 11. a4 Re8 12. Ng3 Bf8 13. Nf5 Ne7 14. N3h4 Nxf5 15.
Nxf5 d5 16. f4 exf4 17. Rxf4 dxe4 18. Bc3 Nd5 19. Nxh6+ gxh6 20. Qh5 Qd7 21.
Rg4+ Kh7 22. Rf1 1-0

[Event "Angora Chess Tournaments-WGM"]
[Site "Ankara"]
[Date "2010.02.16"]
[Round "3.1"]
[White "Gvetadze, Sopio"]
[Black "Ozturk, Kubra"]
[Result "1-0"]
[WhiteElo "2337"]
[BlackElo "2232"]
[PlyCount "99"]
[EventDate "2010.02.15"]

1. d4 d5 2. c4 dxc4 3. Nf3 Nf6 4. e3 e6 5. Bxc4 c5 6. O-O a6 7. Qe2 b5 8. Bb3
Nbd7 9. Nc3 Bb7 10. Rd1 Qb6 11. d5 exd5 12. Nxd5 Nxd5 13. Bxd5 Bxd5 14. Rxd5
Qb7 15. e4 Be7 16. Bg5 f6 17. Bf4 O-O 18. Nh4 Nb6 19. Nf5 Rfe8 20. Rdd1 Bf8 21.
f3 Rad8 22. Qf2 Rd7 23. b3 Red8 24. Rdc1 c4 25. Be3 Nc8 26. bxc4 bxc4 27. h4
Qc6 28. Qc2 Rc7 29. Rab1 c3 30. Rb3 Qe6 31. Rxc3 Rxc3 32. Qxc3 Qxa2 33. Qc7 Re8
34. Bc5 Qf7 35. Bxf8 Qxc7 36. Rxc7 Kxf8 37. Rxg7 a5 38. Rxh7 a4 39. Rb7 Ne7 40.
Nxe7 Rxe7 41. Rb8+ Re8 42. Rb6 Ra8 43. Rxf6+ Ke7 44. Rc6 a3 45. Rc1 a2 46. Ra1
Ke6 47. Kf2 Ke5 48. Ke3 Ra3+ 49. Kd2 Ra7 50. Kc3 1-0

[Event "Angora Chess Tournaments-WGM"]
[Site "Ankara"]
[Date "2010.02.16"]
[Round "3.1"]
[White "Umudova, Nargiz"]
[Black "Kaya, Emel"]
[Result "1-0"]
[WhiteElo "2239"]
[BlackElo "1946"]
[PlyCount "77"]
[EventDate "2010.02.15"]

1. e4 c5 2. Nf3 g6 3. c4 Bg7 4. d4 cxd4 5. Nxd4 Nc6 6. Be3 Nf6 7. Nc3 O-O 8.
Be2 b6 9. O-O Bb7 10. Nxc6 dxc6 11. e5 Nd7 12. f4 Qc7 13. Qc2 Rfd8 14. h4 f6
15. h5 Nf8 16. hxg6 hxg6 17. c5 bxc5 18. Bxc5 Bc8 19. Bc4+ Kh8 20. Rae1 Bf5 21.
Qf2 fxe5 22. Ne4 e6 23. Ng5 Bf6 24. Qh4+ Nh7 25. g4 Bd3 26. Bxd3 Rxd3 27. Qxh7+
Qxh7 28. Nxh7 Kxh7 29. fxe5 Bh4 30. Rf7+ Kh6 31. Re2 Rg3+ 32. Kh2 Rxg4 33. Kh3
Rc4 34. Bf8+ Rxf8 35. Rxf8 g5 36. Rf6+ Kh5 37. Rxe6 Rd4 38. Rd6 Rf4 39. e6 1-0

[Event "Angora Chess Tournaments-WGM"]
[Site "Ankara"]
[Date "2010.02.16"]
[Round "3.1"]
[White "Karlovich, Anastazia"]
[Black "Sop, Selen"]
[Result "1-0"]
[WhiteElo "2200"]
[BlackElo "1901"]
[PlyCount "91"]
[EventDate "2010.02.15"]

1. e4 c5 2. Nf3 e6 3. c3 Nf6 4. e5 Nd5 5. g3 d6 6. Bg2 Nc6 7. exd6 Bxd6 8. O-O
O-O 9. d4 cxd4 10. Nxd4 Nxd4 11. Qxd4 Qf6 12. Qd3 Rd8 13. Nd2 Bc7 14. Qe2 Rb8
15. Ne4 Qg6 16. Rd1 Bd7 17. c4 Nf6 18. Nxf6+ Qxf6 19. Be3 b6 20. Bd4 Qg6 21.
Be4 f5 22. Bf3 Be8 23. Be5 Bxe5 24. Qxe5 Qf6 25. Qc7 a6 26. Rxd8 Qxd8 27. Qe5
Bf7 28. Rd1 Qf8 29. Qc7 Rc8 30. Qxb6 e5 31. Bd5 Bxd5 32. Rxd5 Re8 33. Qd6 Qxd6
34. Rxd6 a5 35. Ra6 Rd8 36. Rxa5 Rd1+ 37. Kg2 Rd2 38. b3 e4 39. Kf1 g6 40. c5
Rc2 41. b4 Kf7 42. h4 h6 43. a4 g5 44. hxg5 hxg5 45. c6 Kf6 46. Rc5 1-0

[Event "Angora Chess Tournaments-WGM"]
[Site "Ankara"]
[Date "2010.02.16"]
[Round "3.1"]
[White "Borsuk, Angela"]
[Black "Menzi, Nezihe Ezgi"]
[Result "1-0"]
[WhiteElo "2355"]
[BlackElo "1877"]
[PlyCount "65"]
[EventDate "2010.02.15"]

1. d4 Nf6 2. c4 g6 3. Nc3 Bg7 4. e4 d6 5. f4 O-O 6. Nf3 c5 7. d5 e6 8. Be2 a6
9. a4 exd5 10. cxd5 Re8 11. Nd2 Nbd7 12. O-O Nf8 13. Kh1 h5 14. Qc2 Ng4 15. Nf3
f5 16. Bd3 Nh6 17. e5 dxe5 18. fxe5 Ng4 19. Bg5 Qc7 20. d6 Qc6 21. Nd5 Nxe5 22.
Ne7+ Rxe7 23. dxe7 Ne6 24. Nxe5 Bxe5 25. Bc4 Kh7 26. Rxf5 Bg7 27. Bd5 Qe8 28.
Bxe6 Bxe6 29. Rxc5 Bf5 30. Qd2 Qh8 31. Rc7 Rc8 32. Rxc8 Qxc8 33. Qd8 1-0

[Event "Angora Chess Tournaments-WGM"]
[Site "Ankara"]
[Date "2010.02.16"]
[Round "4.1"]
[White "Yildiz, Betul Cemre"]
[Black "Burtasova, Anna"]
[Result "0-1"]
[WhiteElo "2260"]
[BlackElo "2332"]
[PlyCount "70"]
[EventDate "2010.02.15"]

1. e4 e5 2. Nf3 Nc6 3. d4 exd4 4. Nxd4 Bc5 5. Be3 Qf6 6. c3 Nge7 7. Bc4 Ne5 8.
Be2 Qg6 9. O-O d6 10. f3 O-O 11. Nd2 d5 12. Qe1 dxe4 13. fxe4 N7c6 14. Qf2 Bb6
15. a4 Ng4 16. Bxg4 Bxg4 17. Rae1 Rae8 18. b4 Ne5 19. Qg3 Nd3 20. Rb1 c5 21.
Nb5 Be2 22. Rf5 cxb4 23. Rg5 Qf6 24. cxb4 h6 25. Rd5 Nf4 26. Rd6 Bxb5 27. Rxf6
Ne2+ 28. Kf2 Nxg3 29. Rxb6 axb6 30. hxg3 Bxa4 31. Bxb6 Re6 32. Bd4 Rd8 33. Ke3
Bc2 34. Rf1 Bxe4 35. Nxe4 Rde8 0-1

[Event "Angora Chess Tournaments-WGM"]
[Site "Ankara"]
[Date "2010.02.16"]
[Round "4.1"]
[White "Ozturk, Kubra"]
[Black "Gvetadze, Sopio"]
[Result "1/2-1/2"]
[WhiteElo "2232"]
[BlackElo "2337"]
[PlyCount "114"]
[EventDate "2010.02.15"]

1. d4 d5 2. c4 c6 3. e3 Nf6 4. Nf3 a6 5. b3 b5 6. a4 bxc4 7. bxc4 Bf5 8. Ba3 g6
9. Be2 Bg7 10. O-O O-O 11. Ne5 Nfd7 12. f4 Ra7 13. Nc3 Nxe5 14. fxe5 Rb7 15.
cxd5 cxd5 16. Bf3 Be6 17. Rb1 Rc7 18. Ne2 g5 19. Ng3 Qd7 20. Rf2 Nc6 21. Qd3 f6
22. exf6 Bxf6 23. h3 Na5 24. Qxa6 Ra7 25. Qd3 Nc4 26. Bc5 Rxa4 27. Bd1 Raa8 28.
Bc2 Rf7 29. Nh5 Nd6 30. Bxd6 Qxd6 31. Rbf1 Ra3 32. Qe2 Bc8 33. Nxf6+ exf6 34.
Qh5 Qe7 35. Qf3 Bb7 36. Re1 Rc3 37. Bf5 Rb3 38. Qg4 Rf8 39. h4 Kh8 40. Rf3 Rg8
41. Be6 Re8 42. Bd7 Rd8 43. Bf5 Rg8 44. Rh3 gxh4 45. Qxh4 Rg7 46. Qf4 Rb2 47.
Rg3 Ba6 48. Ra1 Rxg3 49. Qxg3 Rb6 50. Rc1 Rb3 51. Kf2 Rb2+ 52. Kg1 Rb3 53. Rc7
Qxe3+ 54. Qxe3 Rxe3 55. Rxh7+ Kg8 56. Rh3 Re1+ 57. Kh2 Bc4 1/2-1/2

[Event "Angora Chess Tournaments-WGM"]
[Site "Ankara"]
[Date "2010.02.16"]
[Round "4.1"]
[White "Kaya, Emel"]
[Black "Umudova, Nargiz"]
[Result "0-1"]
[WhiteElo "1946"]
[BlackElo "2239"]
[PlyCount "76"]
[EventDate "2010.02.15"]

1. e4 c5 2. Nf3 Nc6 3. Bb5 Nf6 4. Nc3 Qc7 5. O-O Nd4 6. Re1 a6 7. Bf1 d6 8.
Nxd4 cxd4 9. Ne2 Nxe4 10. Nxd4 Nf6 11. d3 g6 12. Bg5 Bg7 13. Be2 h6 14. Bh4 O-O
15. Bf3 e5 16. Nb3 Bd7 17. a4 Rae8 18. a5 Be6 19. c4 Nd7 20. Bd5 Bxd5 21. cxd5
g5 22. Bg3 f5 23. f3 Nf6 24. Rc1 Qf7 25. d4 f4 26. Bf2 e4 27. fxe4 Nxe4 28. Qf3
Qf5 29. Rc7 Nxf2 30. Qxf2 Qxd5 31. Rxe8 Rxe8 32. Qc2 Qe6 33. Qc4 d5 34. Qc3 Qe2
35. Rc8 h5 36. h3 g4 37. hxg4 hxg4 38. Nc1 Qd1+ 0-1

[Event "Angora Chess Tournaments-WGM"]
[Site "Ankara"]
[Date "2010.02.16"]
[Round "4.1"]
[White "Sop, Selen"]
[Black "Karlovich, Anastazia"]
[Result "1/2-1/2"]
[WhiteElo "1901"]
[BlackElo "2200"]
[PlyCount "60"]
[EventDate "2010.02.15"]

1. e4 e5 2. Nf3 Nc6 3. Bb5 a6 4. Bxc6 dxc6 5. O-O f6 6. d4 exd4 7. Nxd4 c5 8.
Ne2 Qxd1 9. Rxd1 Bd7 10. Nbc3 O-O-O 11. Be3 Bd6 12. Bf4 Bxf4 13. Nxf4 Ne7 14.
Rd2 Nc6 15. Nd3 b6 16. Rad1 Rhe8 17. f3 Na5 18. b3 Be6 19. Nf4 Rxd2 20. Rxd2
Bf7 21. Kf2 Nc6 22. h4 c4 23. Ncd5 cxb3 24. cxb3 Ne7 25. Nxe7+ Rxe7 26. g4 Rd7
27. Rc2 c5 28. g5 Rd1 29. Kg3 Kd7 30. Kg4 Ke7 1/2-1/2

[Event "Angora Chess Tournaments-WGM"]
[Site "Ankara"]
[Date "2010.02.16"]
[Round "4.1"]
[White "Menzi, Nezihe Ezgi"]
[Black "Borsuk, Angela"]
[Result "1-0"]
[WhiteElo "1877"]
[BlackElo "2355"]
[PlyCount "130"]
[EventDate "2010.02.15"]

1. e4 d6 2. d4 Nf6 3. Nc3 e5 4. Nf3 Nbd7 5. Bc4 Be7 6. O-O O-O 7. Re1 c6 8. a4
b6 9. d5 c5 10. Bg5 Ne8 11. Be3 a6 12. Ne2 Rb8 13. Ng3 g6 14. Bh6 Ng7 15. Qe2
Ra8 16. h3 Nf6 17. Nh2 Kh8 18. Bxg7+ Kxg7 19. Ra3 h5 20. Ngf1 h4 21. Qd2 Nh5
22. Ne3 Nf4 23. Bd3 Bd7 24. Nc4 f5 25. a5 Bg5 26. Qd1 bxa5 27. Nxd6 Qf6 28. Nf3
Nxd3 29. Qxd3 Bf4 30. Nc4 fxe4 31. Qxe4 Bf5 32. Qe2 e4 33. Nfd2 Rae8 34. Rxa5
Qg5 35. Kh1 Rf6 36. Ne3 Bc8 37. Rxc5 Bd6 38. Rc4 Qe5 39. Nef1 Qxd5 40. Rxe4
Rxe4 41. Qxe4 Qb5 42. Qd4 Bc5 43. Qc3 Qb4 44. Qxb4 Bxb4 45. c3 Bf8 46. Ne4 Rb6
47. Re2 Bd7 48. Ne3 Bc6 49. Nc4 Rb8 50. Ng5 Bb5 51. Re4 Kf6 52. f4 Bxc4 53.
Rxc4 Kf5 54. Nf3 Be7 55. Nd4+ Kf6 56. Rc6+ Kf7 57. b4 Rd8 58. Rc7 Kf6 59. Rxe7
Rxd4 60. cxd4 Kxe7 61. Kg1 Ke6 62. Kf2 Kd5 63. Ke3 Kc4 64. Ke4 Kxb4 65. d5 Kc5
1-0

[Event "Angora Chess Tournaments-WGM"]
[Site "Ankara"]
[Date "2010.02.17"]
[Round "5.1"]
[White "Yildiz, Betul Cemre"]
[Black "Gvetadze, Sopio"]
[Result "1-0"]
[WhiteElo "2260"]
[BlackElo "2337"]
[PlyCount "93"]
[EventDate "2010.02.15"]

1. e4 c5 2. Nf3 e6 3. d4 cxd4 4. Nxd4 Nf6 5. Bd3 Be7 6. c4 O-O 7. Nc3 d6 8. O-O
a6 9. Be3 Qc7 10. Rc1 b6 11. f3 Bb7 12. Qd2 Nbd7 13. Rfd1 Rac8 14. Bf1 Qb8 15.
b3 Bd8 16. g4 Kh8 17. Qf2 Bc7 18. Qh4 Ne5 19. Qh3 Ng6 20. g5 Nd7 21. Nde2 Rce8
22. f4 Nc5 23. f5 Ne5 24. Bg2 Qa8 25. Rd4 Ncd7 26. Nf4 Bc8 27. g6 Nf6 28. gxf7
Rxf7 29. fxe6 Rff8 30. Ncd5 Bd8 31. Rf1 Nfg4 32. Rdd1 Qb7 33. Bd4 b5 34. c5
dxc5 35. Bxc5 Rg8 36. Bd4 Bf6 37. Rc1 Bg5 38. Rc7 Qa8 39. Qh5 Bd8 40. Rxg7 Rxg7
41. Qxe8+ Rg8 42. Qh5 Rg5 43. e7 Bxe7 44. Qe8+ Rg8 45. Qxe7 Qb8 46. Nf6 Bf5 47.
Nxg8 1-0

[Event "Angora Chess Tournaments-WGM"]
[Site "Ankara"]
[Date "2010.02.17"]
[Round "5.1"]
[White "Ozturk, Kubra"]
[Black "Umudova, Nargiz"]
[Result "1/2-1/2"]
[WhiteElo "2232"]
[BlackElo "2239"]
[PlyCount "122"]
[EventDate "2010.02.15"]

1. d4 Nf6 2. c4 g6 3. Nf3 Bg7 4. g3 O-O 5. Bg2 d6 6. O-O Nc6 7. Nc3 a6 8. e4
Bg4 9. Be3 Nd7 10. Ne2 Na5 11. Rc1 c5 12. b3 Nc6 13. d5 Nb4 14. a3 Bxf3 15.
Bxf3 Nd3 16. Qxd3 Ne5 17. Qc2 Nxf3+ 18. Kg2 Ne5 19. f4 Nd7 20. Bd2 b5 21. Bc3
Bxc3 22. Qxc3 Qc7 23. Ng1 bxc4 24. bxc4 Rab8 25. Rf3 Qb6 26. Rc2 Qb1 27. Re2
Nb6 28. e5 Qd1 29. Rd3 Na4 30. Qd2 Qxd2 31. Rexd2 Rb1 32. Ne2 Rfb8 33. g4 R8b2
34. exd6 exd6 35. Ng3 Nb6 36. Ne4 Nxc4 37. Rxb2 Rxb2+ 38. Kg3 f5 39. Nf6+ Kf7
40. Nxh7 Ra2 41. Ng5+ Ke7 42. gxf5 gxf5 43. Rd1 Rxa3+ 44. Kf2 Nb6 45. h4 Ra4
46. Ke3 Ra2 47. Kf3 c4 48. Rb1 Ra3+ 49. Kf2 Rb3 50. Re1+ Kd7 51. h5 Nxd5 52. h6
Nxf4 53. h7 Ng6 54. Rc1 d5 55. Nf3 Kd6 56. Rg1 Rb2+ 57. Ke3 Rb3+ 58. Kf2 Rb2+
59. Ke3 Rb3+ 60. Kf2 Rb2+ 61. Ke3 Rb3+ 1/2-1/2

[Event "Angora Chess Tournaments-WGM"]
[Site "Ankara"]
[Date "2010.02.17"]
[Round "5.1"]
[White "Kaya, Emel"]
[Black "Karlovich, Anastazia"]
[Result "1-0"]
[WhiteElo "1946"]
[BlackElo "2200"]
[PlyCount "123"]
[EventDate "2010.02.15"]

1. e4 e5 2. Nf3 Nc6 3. Bc4 Bc5 4. c3 Qe7 5. O-O d6 6. d4 Bb6 7. h3 Nf6 8. Re1
h6 9. Be3 g5 10. dxe5 dxe5 11. Bd5 Bd7 12. Nbd2 Bxe3 13. Rxe3 O-O-O 14. Qb3 Rh7
15. Nc4 Qc5 16. Ncxe5 Nxd5 17. Qxd5 Qxd5 18. exd5 Nxe5 19. Nxe5 f6 20. Nxd7
Rhxd7 21. c4 Rd6 22. Rae1 c6 23. dxc6 Rxc6 24. b3 Rd2 25. R3e2 Rcd6 26. f3 f5
27. Kf2 f4 28. Rxd2 Rxd2+ 29. Re2 Rd1 30. Rc2 Kd7 31. Ke2 Rg1 32. Kd3 Kd6 33.
Re2 Rd1+ 34. Rd2 Re1 35. Kd4 Re3 36. c5+ Kc6 37. Kc4 Kc7 38. b4 h5 39. Rd5 g4
40. hxg4 hxg4 41. fxg4 Rg3 42. Rd2 Rxg4 43. Kd5 f3 44. gxf3 Rxb4 45. Rd4 Rb2
46. a4 Rf2 47. f4 Re2 48. Re4 Rd2+ 49. Ke6 Kc6 50. f5 Kxc5 51. f6 Rf2 52. f7
Kc6 53. Re5 Rxf7 54. Kxf7 a6 55. a5 b5 56. axb6 Kxb6 57. Kf6 a5 58. Kf5 a4 59.
Rd5 Ka6 60. Ke4 Kb6 61. Kd3 a3 62. Ke4 1-0

[Event "Angora Chess Tournaments-WGM"]
[Site "Ankara"]
[Date "2010.02.17"]
[Round "5.1"]
[White "Sop, Selen"]
[Black "Borsuk, Angela"]
[Result "0-1"]
[WhiteElo "1901"]
[BlackElo "2355"]
[PlyCount "74"]
[EventDate "2010.02.15"]

1. e4 d6 2. d4 Nf6 3. Nc3 e5 4. Nf3 Nbd7 5. g3 c6 6. a4 Be7 7. Bg2 O-O 8. O-O
a5 9. b3 Re8 10. Re1 Qc7 11. Nh4 g6 12. f4 exd4 13. Qxd4 d5 14. Kh1 Bc5 15. Qd2
d4 16. Nd1 Bb4 17. c3 dxc3 18. Nxc3 Nc5 19. Qc2 Be6 20. Rb1 Rad8 21. e5 Ng4 22.
Be3 Rd3 23. Bd2 Red8 24. Re2 Bxb3 25. Rxb3 Nxb3 26. Qxb3 Rxd2 27. Rxd2 Rxd2 28.
Ne4 Nf2+ 29. Nxf2 Rxf2 30. Qe3 Ra2 31. h3 Qd7 32. f5 Qd2 33. Qf3 Qf2 34. Qxf2
Rxf2 35. g4 gxf5 36. gxf5 Rf4 37. Nf3 Rxf5 0-1

[Event "Angora Chess Tournaments-WGM"]
[Site "Ankara"]
[Date "2010.02.17"]
[Round "5.1"]
[White "Menzi, Nezihe Ezgi"]
[Black "Burtasova, Anna"]
[Result "0-1"]
[WhiteElo "1877"]
[BlackElo "2332"]
[PlyCount "70"]
[EventDate "2010.02.15"]

1. e4 c5 2. Nf3 e6 3. c3 d5 4. exd5 exd5 5. d4 Nf6 6. Bb5+ Bd7 7. Bxd7+ Nbxd7
8. Qe2+ Be7 9. dxc5 O-O 10. O-O Bxc5 11. Nbd2 Re8 12. Qd1 Qb6 13. Nb3 Bd6 14.
Be3 Qc7 15. h3 Rad8 16. Nbd4 a6 17. Qc2 Ne4 18. Rad1 Nb6 19. Nf5 Bf8 20. Bxb6
Qxb6 21. Ne3 Nxf2 22. Nxd5 Nxh3+ 23. Kh1 Rxd5 24. Rxd5 Nf4 25. Rd2 Nh5 26. Rfd1
Ng3+ 27. Kh2 Ne4 28. Re2 Bd6+ 29. Kh3 Qb5 30. Rxe4 Qf5+ 31. Rg4 Qxc2 32. Rxd6
Qxb2 33. Re4 Qb5 34. c4 Qf5+ 35. Rg4 h5 0-1

[Event "Angora Chess Tournaments-WGM"]
[Site "Ankara"]
[Date "2010.02.17"]
[Round "6.1"]
[White "Gvetadze, Sopio"]
[Black "Yildiz, Betul Cemre"]
[Result "1-0"]
[WhiteElo "2337"]
[BlackElo "2260"]
[PlyCount "83"]
[EventDate "2010.02.15"]

1. d4 d5 2. c4 dxc4 3. Nf3 c5 4. e3 cxd4 5. exd4 Be6 6. Nc3 Nf6 7. Ne5 Nc6 8.
Nxc6 bxc6 9. Qa4 Qd7 10. Bxc4 Bxc4 11. Qxc4 g6 12. O-O Bg7 13. Bg5 O-O 14. Rfd1
Rab8 15. b3 Nd5 16. Nxd5 cxd5 17. Qe2 e6 18. Bc1 a5 19. Rb1 Rfc8 20. Ba3 Bf8
21. Bxf8 Kxf8 22. h4 h5 23. Qd2 a4 24. Qf4 axb3 25. axb3 Rb4 26. Rdc1 Rxc1+ 27.
Rxc1 Rxb3 28. Rc7 Qe8 29. g4 hxg4 30. h5 gxh5 31. Qh6+ Kg8 32. Qg5+ Kf8 33. Kg2
Ra3 34. Qc1 Ra8 35. Qh6+ Kg8 36. Qg5+ Kf8 37. Qxh5 Kg8 38. Qxg4+ Kf8 39. Qh5
Kg8 40. Qg5+ Kf8 41. Qh6+ Kg8 42. Rc3 1-0